| 000 | 00452cam a22001453 4500 | ||
|---|---|---|---|
| 001 | FRBNF420702550000002 | ||
| 003 | http://catalogue.bnf.fr/ark:/12148/cb420702551 | ||
| 005 | 20241127124825.0 | ||
| 008 | 241127b |||||||| |||| 00| 0 eng d | ||
| 100 | _a20091007d2009 m y0frey50 ba | ||
| 245 | _aBenchmarking in food and farming | ||
| 300 | _aNotes bibliogr. | ||
| 700 |
_316210036 _oISNI0000000080057496 _aJack _bLisa _4070 |
||
| 942 |
_2lcc _cBK _n0 |
||
| 999 |
_c1608 _d1608 |
||